| 000 | 00602nam a2200205 a 4500 | ||
|---|---|---|---|
| 005 | 20230221063556.0 | ||
| 008 | 021111s2000 mx r 000 0 spa d | ||
| 020 | _a8433012924 | ||
| 035 | _aUPN01000120944 | ||
| 049 | _aCG | ||
| 050 | 4 |
_aLB2806.15 _bP3.4 2000 |
|
| 100 | 1 | _aPalos Rodríguez, José | |
| 245 | 1 | 0 |
_aEducar para el futuro : _btemas transversales del currículum / _cJosé Palos Rodríguez. |
| 250 | _a2a ed. | ||
| 260 |
_aBilbao, Esp. : _bDesclée de Brouwer, _c2000. |
||
| 300 | _a156 p. | ||
| 440 | 0 | _aAprender a ser | |
| 650 | 2 |
_aPlanificación curricular _95734 |
|
| 905 | _aLibro | ||
| 999 |
_c93261 _d93261 |
||